00900nam a22002777a 45000010005000000030006000050050017000110080041000280200018000690400029000870500020001160820011001361000023001472450043001702500032002132600039002453000050002844900028003345050008003625200130003705210020005005210020005206500022005406500025005627000035005879781FISKH20260224090704.0260224b cb ||||| |||| 00| 0 eng d a9780756661670 aFISKHbengcFISKHdFISKH a PZ7 .G14295 .G a591.75 aGambrell , Linda B aGarden friends /cBy Linda B. Gambrell aFirst American Edition 2003 aLondon : bDK Publishing , c2003. a31 pages : bcolor illustrations ; c23 cm .  aDK ReadersvPre-Level 1 aD  aA child greets some of the animals living in a garden, including a butterfly, bee, grasshopper, frog, worm, spider, and more.8 a250 bLexile 8 aD bRaz-Plus  aBugsvNon-fiction aInsectsvNon-fiction aLock , DeboraheSeries Editor